| 000 | 00381nam a2200157Ia 4500 | ||
|---|---|---|---|
| 020 | _a0415070368(hb) | ||
| 082 |
_a323.6 _bWIL _cL-27,P-49 |
||
| 100 |
_aWillatt,Col,j. _937698 |
||
| 245 | _aCitizenship | ||
| 250 | _a2 nd | ||
| 260 |
_aLondon: _bOxford university _c1946 |
||
| 300 | _a214p | ||
| 526 |
_a0 _b0 _c0 _d323_600000000000000_WIL |
||
| 650 |
_aMCE _9379 |
||
| 942 |
_2ddc _cBK |
||
| 999 |
_c542517 _d542517 |
||